02938njm a2200433Ia 450000100060000000300090000600500170001500800410003204000130007304000130008610000110009910000180011010000380012824500470016625000110021326000120022426000280023630000100026430000290027450000340030350503930033751100370073051103530076765000460112070000620116670001090122870001320133770000780146970001160154770001310166370001340179470000830192870000720201170000860208370000770216970000870224670000770233370000940241036731IT-RoPAU20220918181118.0131025s9999 xx 000 0 und d aIT-RoPAU cIT-RoPAU aAA.VV. eAutore musica gCodice autore musica SPICS: 12000 aSwing With Benny Goodman and His Orchestra a2a ed. aHOLLAND bCBSc1985 [1a Ed.:1972] aDISCO c35 minuti (Testo: pag.) aMusica jazz. Swing. Orchestra aKing Porter Stomp (4:00) - Down South Camp Meetin' (4:00) - I'm Gonna Sit Right Down and Write Myself A Letter (3:00) - I'll Never Say "Never Again" Again (3:00) - South of the Border (3:00) - What A Little Moonlight Can Do (4:00) - Wolverine Blues (3:00) - You're a Heavenly Thing (3:00) - Wrappin'It Up [(The Lindy Glide) (4:00)] - When Buddha Smiles [(New York, 29 aprile 1951) (4:00)] aHenderson Fletcher: arrangiatore aGoodman Benny: cl; Butterfield Billy: tr; Griffin Chris: tr; Maxwell Jimmy: tr; McGarity Lou: trne; Cutshall Cutty: trne; Bradley Will: trne; Klink Al: alto, sax; Schertzer Hymie: alto, sax; Hucko Peanuts: tenor sax; Richmond Boomie: tenor sax; Drellinger Art: bar, sax; Freeman Stan: p; Smith Johnny: guitar; Haggart Bob: bass; Snyder Terry: drums aJAZZ [DISCHI]eCodice MATERIA SPICS: 9950 aGoodman BennygCodice interprete SPICS: 10538eInterprete aMorton Jelly RollgCodice autore musica SPICS: 10672eAutore musicapKing Porter Stomp - Wolverine Blues aHenderson FletchergCodice autore musica SPICS: 10660eAutore musicapDown South Camp Meetin' - Wrappin'It Up (The Lindy Glide) aMills IrvinggCodice autore SPICS: 13027eAutorepDown South Camp Meetin' aAhlert R.gCodice autore musica SPICS: 15745eAutore musicapI'm Gonna Sit Right Down and Write Myself A Letter aYoung JosephgCodice autore SPICS: 16462eAutorepI'm Gonna Sit Right Down and Write Myself A Letter - You're a Heavenly Thing aWoods H.W.gCodice autore musica SPICS: 16463eAutore musicapI'll Never Say "Never Again" Again - What A Little Moonlight Can Do aCarr M.gCodice autore musica SPICS: 16464eAutore musicapSouth of the Border aKennedy J.gCodice autore SPICS: 14482eAutorepSouth of the Border aSpikes J. E B.gCodice autore musica SPICS: 16465eAutore musicapWolverine Blues aLittle L.J.gCodice autore SPICS: 16466eAutorepYou're a Heavenly Thing aFreed ArthurgCodice autore musica SPICS: 15706eAutore musicapWhen Buddha Smiles aBrown Nacio HerbgCodice autore SPICS: 15943eAutorepWhen Buddha Smiles aZany K.gCodice autore testo/musica SPICS: 28623eAutore testo/musicapWhen Buddha Smiles